MARC

LEADER 00000nam0a2200000 4500
001 306917
005 20231102001936.0
020 |a RU  |b 83-47830 
035 |a (RuTPU)RU\TPU\book\332194 
090 |a 306917 
100 |a 20151013d1983 k y0rusy5003 ca 
101 0 |a rus 
102 |a RU 
105 |a a z 001zy 
200 1 |a Диффузионное насыщение и покрытия на металлах  |e сборник научных трудов  |f Академия наук Украинской ССР (АН УССР), Институт проблем материаловедения им И. Н. Францевича (ИПМ) ; под ред. И. М. Федорченко 
210 |a Киев  |c Наукова думка  |d 1983 
215 |a 143 с.  |c ил. 
606 1 |a Диффузионные покрытия  |2 stltpush  |3 (RuTPU)RU\TPU\subj\9743  |9 36922 
610 1 |a металлы 
610 1 |a покрытия 
610 1 |a насыщение 
610 1 |a плазменные покрытия 
610 1 |a свойства 
610 1 |a использование 
675 |a 621.793.6  |z rus  |v 3 
702 1 |a Федорченко  |b И. М.  |g Иван Михайлович  |4 340 
712 0 2 |a Академия наук Украинской ССР (АН УССР)  |b Институт проблем материаловедения им И. Н. Францевича (ИПМ)  |c (Киев)  |2 stltpush  |3 (RuTPU)RU\TPU\col\1143 
801 0 |a RU  |b RuMRKP  |c 19950704  |g psbo 
801 1 |a RU  |b 63413507  |c 20151013 
801 2 |a RU  |b 63413507  |c 20180719  |g RCR 
942 |c BK